| 000 | 00502nam a2200181Ia 4500 | ||
|---|---|---|---|
| 008 | 151018s9999 xx 000 0 und d | ||
| 082 |
_bRBASDV47369 _a891.468 |
||
| 100 | _aशिवाजी जाधव | ||
| 245 | _aनोंद | ||
| 250 | _b1 | ||
| 260 |
_bअथर्व प्रकाशन _c2009 |
||
| 300 | _a160 | ||
| 600 | _aशिवाजी जाधव | ||
| 630 | _aनोंद | ||
| 700 | _aशिवाजी जाधव | ||
| 730 | _aनोंद | ||
| 942 | _cBOOK | ||
| 999 |
_c1046505 _d1046502 |
||